000 01320nam0a2200325 4500
001 RU\NLR\BIBL_A\011838107
005 20181108151220.0
010 _a978-5-9908341-2-5
_9100
021 _aRU
_bКН-П-18-071045
_9КН-П-18-5111
035 _a(NLR Aleph) 011838107
035 _a(RuMoRGB)009750965
090 _a12041710
_c12041710
100 _a20181024d2018 d y0rusy50 ca
101 0 _arus
102 _aRU
105 _aa|||z|||000gy
200 1 _aОсенний вальс
_e[сборник стихов]
_fЖанна Зудрагс
_g[рисунки художника Леонида Афремова]
210 _aИвантеевка
_c[б. и.]
_d2018
215 _a84 с.
_cил.
_d16
327 1 _aСодерж.: циклы: О творчестве; Раннее; Осенние ноты; Проза: Осень память мою растревожила; Он улетел, но обещал вернуться; Имя любви
333 _a12+
686 2 _aШ6(2=Р)8-5
700 1 _aЗудрагс
_bЖ.И.
_gЖанна Игоревна
702 1 _aАфремов
_bЛ. Л.
_gЛеонид Лазаревич
_4040
942 _cBOOK
980 _aNBR
980 _aNB